Vista normal Vista MARC

Entrada Materia (personas)

Número de registros utilizados en: 1

001 - CONTROL NUMBER

  • control field: 100638

003 - CONTROL NUMBER IDENTIFIER

  • control field: Co-BoUCM

005 - DATE AND TIME OF LATEST TRANSACTION

  • control field: 20200723115056.0

008 - FIXED-LENGTH DATA ELEMENTS

  • fixed length control field: 200723|| aca||aabn | a|a d

040 ## - CATALOGING SOURCE

  • Original cataloging agency: Co-BoUCM
  • Transcribing agency: Co-BoUCM

100 ## - HEADING--PERSONAL NAME

  • Personal name: Habitch, Christian
  • Relator term: traductor

670 ## - SOURCE DATA FOUND

  • Source citation: Work cat.: (Co-BoUCM): Polybius 100635, Polybius. , 2010-2012